| 000 | 01764nam0a22003131 4500 | ||
|---|---|---|---|
| 001 | v19\rc\1317963 | ||
| 005 | 20260407103816.0 | ||
| 035 | _a(NLR Aleph) 005202342 | ||
| 090 |
_a5322932 _c5322932 |
||
| 100 | _a20060512d19001900|||y0rusy50 ca | ||
| 101 | 0 | _arus | |
| 102 | _aRU | ||
| 105 | _ay z ||||| | ||
| 200 | 1 | _aПродолжение Списка сообщений, заявленных для I-го Съезда российских хирургов | |
| 210 |
_a[Москва] _dценз. 1900 |
||
| 215 | _a3 с. | ||
| 309 | _aБез тит. л. и обл. | ||
| 311 | _aИз журн. "Хирургия" № 47 за 1900 г. | ||
| 316 |
_aЭкз. РНБ (18.139.4.85): приплетено к изд.: "О хроническом перихондрите ушной раковины В.А. Свенцицкого" _5NLR: 18.139.4.85 |
||
| 482 | 0 |
_12001#$aО хроническом перихондрите ушной раковины$f[Соч.] В.А. Свенцицкого _1700#1$aСвенцицкий$bВ.А.$f1868-$gВикентий Антонович _tО хроническом перихондрите ушной раковины _aСвенцицкий, Викентий Антонович (1868-) |
|
| 488 | 0 |
_12001#$aХирургия$v1900, № 47 _tХирургия |
|
| 532 | 1 | 1 | _aПродолжение Списка сообщений, заявленных для Первого Съезда российских хирургов |
| 710 | 1 | 2 |
_aСъезд российских хирургов _d1 _f1900 _eМосква _3RU\NLR\AUTH\8810059126 _9619519 |
| 801 | 0 |
_aRU _bNLR _c20060512 _gpsbo |
|
| 801 | 1 |
_aRU _bProSoft-M _c20060512 _2rusmarc |
|
| 801 | 2 |
_aRU _bNLR _c20061123 _2rusmarc |
|
| 852 |
_aNLR _j18.139.4.85 |
||
| 942 | _cBOOK | ||
| 980 | _aNB | ||